Estatuto Legal limitado para los refugiados de Siria en el Líbano /
Guardado en:
| Autor principal: | |
|---|---|
| Otros Autores: | |
| Formato: | Libro |
| Lenguaje: | Spanish |
| Etiquetas: |
Agregar Etiqueta
Sin Etiquetas, Sea el primero en etiquetar este registro!
|
MARC
| LEADER | 00000nam a22000007a 4500 | ||
|---|---|---|---|
| 003 | cru CIDCACS/IIS | ||
| 005 | 20180117094934.0 | ||
| 007 | ta | ||
| 008 | 180112s2014 sp |||p|r||||||0| ||spa d | ||
| 999 | |c 40814 |d 40814 | ||
| 040 | |c cru CIDCACS/IIS | ||
| 100 | 1 | |9 6378 |a Aranki, Dalia | |
| 245 | 4 | |a Estatuto Legal limitado para los refugiados de Siria en el Líbano / |c Dalia Aranki, Olivia Kalis | |
| 300 | |a páginas 17-18 : |b foto | ||
| 700 | 1 | |9 6379 |a Kalis, Olivia | |
| 773 | 0 | |0 19267 |9 1738 |a Centro de Estudios sobre Refugiados |d Universidad de Oxford ; Centro de Estudios sobre Refugiados |o 18230 |t Migraciones Forzadas: |x 14609819 | |
| 942 | |2 ddc |c PP | ||
